Szczegóły MARC21

Die Theorie des Romans : ein geschichtsphilosophischer Versuch über die Formen der grossen Epik /

005 -DATA I CZAS OSTATNIEJ MODYFIKACJI [,]
    • @
    • pole kontrolne
    • 20070315155141.9
020 -Międzynarod. znormalizowany nr książki - ISBN [ , ]
    • a
    • Numer ISBN
    • 3472610360 Find
040 -Instytucja sporządzająca opis [ , ]
    • a
    • Instytucja, która sporządziła opis (NP)
    • SZCZ U
    • c
    • Instytucja, która sporządziła rekord (NP)
    • SZCZ U
041 -Język dokumentu [0, ]
    • a
    • Język tekstu (P)
    • niemiecki
    • h
    • Język tekstu oryginalnego i/lub pośredniego (P)
    • niemiecki
942 -Rodzaj dokumentu [ , ]
    • c
    • Rodzaj dokumentu
    • Książka
100 -Hasło główne - nazwa osobowa [ , ]
    • a
    • Nazwa osobowa (NP)
    • LUKACS GYÖRGY
245 -Strefa tytułu i oznaczenia odpowiedzialności [1, ]
    • a
    • Tytuł
    • Die Theorie des Romans : Find
    • b
    • Ciąg dalszy tytułu (NP)
    • ein geschichtsphilosophischer Versuch über die Formen der grossen Epik / Find
    • c
    • Pozostałe elementy strefy tytułu i oznaczenia odpowiedzialności (NP)
    • Georg Lukacs.
250 -Strefa wydania [ , ]
    • a
    • Oznaczenie wydania (NP)
    • [Sonderausg., 9.Aufl.].
260 -Strefa adresu wydawniczego [ , ]
    • a
    • Miejsce wydania (P)
    • Darmstadt ; Neuwied :
    • b
    • Nazwa wydawcy (P)
    • H.Luchterhand,
    • c
    • Data wydania (P)
    • 1984.
300 -Strefa opisu fizycznego [ , ]
    • a
    • Określenie formy książki i/lub objętość (NP)
    • 145 s. :
    • c
    • Format (NP)
    • 18 cm.
490 -Strefa serii i książki wielotomowej - forma nie do wyszukiwania [0, ]
    • a
    • Tytuł (P)
    • (Sammlung Luchterhand ; Find
    • v
    • Numeracja (P)
    • 36)
500 -Uwaga ogólna [ , ]
    • a
    • Uwaga ogólna (NP)
    • Bibliogr.Ind
080 -Uniwersalna Klasyfikacja Dziesiętna [ , ]
    • a
    • Symbol klasyfikacji
    • 82.0-31=30
920 -ISBN [ , ]
    • a
    • ISBN
    • 3-472-61036-0 Find
Numer inwentarzowy Sygnatura Data inwentaryzacji Lokalizacja Status udost.
G.1932GERM. Powieść 071999-07-16BM1